在彼处 : 大使演讲录 Zai bi chu : (Record no. 37987)
[ view plain ]
| 000 -LEADER | |
|---|---|
| fixed length control field | 01232cam a2200373Ia 4500 |
| 001 - CONTROL NUMBER | |
| control field | 5590295 |
| 003 - CONTROL NUMBER IDENTIFIER | |
| control field | OSt |
| 005 - DATE AND TIME OF LATEST TRANSACTION | |
| control field | 20150123182601.0 |
| 008 - FIXED-LENGTH DATA ELEMENTS--GENERAL INFORMATION | |
| fixed length control field | 130205s2011 cc ac 000 0 chi d |
| 020 ## - INTERNATIONAL STANDARD BOOK NUMBER | |
| International Standard Book Number | 9787513506137 |
| 020 ## - INTERNATIONAL STANDARD BOOK NUMBER | |
| International Standard Book Number | 7513506132 |
| 035 ## - SYSTEM CONTROL NUMBER | |
| System control number | (OCoLC)826674874 |
| 041 0# - LANGUAGE CODE | |
| Language code of text/sound track or separate title | chi |
| -- | eng |
| 050 #4 - LIBRARY OF CONGRESS CALL NUMBER | |
| Classification number | PN6129.C5 |
| Item number | F895 2011 |
| 066 ## - CHARACTER SETS PRESENT | |
| Alternate G0 or G1 character set | $1 |
| 082 04 - DEWEY DECIMAL CLASSIFICATION NUMBER | |
| Classification number | 895.1552 |
| Edition number | 23 |
| 100 1# - MAIN ENTRY--PERSONAL NAME | |
| Personal name | 傅莹著 Fu, Ying. |
| 245 10 - TITLE STATEMENT | |
| Title | 在彼处 : 大使演讲录 Zai bi chu : |
| Remainder of title | da shi yan jiang lu = When I was there : selected speeches of Fu Ying {ch} / |
| Statement of responsibility, etc | 傅莹著. Fu Ying zhu. |
| 246 30 - VARYING FORM OF TITLE | |
| Title proper/short title | Da shi yan jiang lu |
| 246 31 - VARYING FORM OF TITLE | |
| Title proper/short title | When I was there : |
| Remainder of title | selected speeches of Fu Ying |
| 246 30 - VARYING FORM OF TITLE | |
| Title proper/short title | Selected speeches of Fu Ying |
| 250 ## - EDITION STATEMENT | |
| Edition statement | Di 1 ban. |
| 260 ## - PUBLICATION, DISTRIBUTION, ETC. (IMPRINT) | |
| Place of publication, distribution, etc | Beijing Shi : |
| Name of publisher, distributor, etc | Wai yu jiao xue yu yan jiu chu ban she, |
| Date of publication, distribution, etc | 2011. |
| 300 ## - PHYSICAL DESCRIPTION | |
| Extent | xi, 279 p. : |
| Other physical details | ill., ports. ; |
| Dimensions | 23 cm. |
| 336 ## - CONTENT TYPE | |
| Source | rdacontent |
| 337 ## - MEDIA TYPE | |
| Source | rdamedia |
| 338 ## - CARRIER TYPE | |
| Source | rdacarrier |
| 546 ## - LANGUAGE NOTE | |
| Language note | Parrallel text in Chinese and English. |
| 546 ## - LANGUAGE NOTE | |
| Language note | Text in simplified Chinese script. |
| 650 #0 - SUBJECT ADDED ENTRY--TOPICAL TERM | |
| Topical term or geographic name as entry element | Speeches, addresses, etc., Chinese {ch}. |
| 650 #0 - SUBJECT ADDED ENTRY--TOPICAL TERM | |
| Topical term or geographic name as entry element | World politics {ch}. |
| 651 #0 - SUBJECT ADDED ENTRY--GEOGRAPHIC NAME | |
| Geographic name | China |
| General subdivision | Social conditions |
| Chronological subdivision | 2000- {ch}. |
| 942 ## - ADDED ENTRY ELEMENTS (KOHA) | |
| Source of classification or shelving scheme | Library of Congress Classification |
| Item type | Books |
| Withdrawn status | Lost status | Source of classification or shelving scheme | Damaged status | Not for loan | Home library | Current library | Shelving location | Date acquired | Inventory number | Total Checkouts | Full call number | Barcode | Date last seen | Price effective from | Koha item type | Copy number |
|---|---|---|---|---|---|---|---|---|---|---|---|---|---|---|---|---|
| Library of Congress Classification | BSOP Library | BSOP Library | Chinese Books (General Circulation) | 01/23/2015 | C-12947 | PN129.C5 F95 2011 | 00044847 | 01/23/2015 | 01/23/2015 | Books | ||||||
| Library of Congress Classification | BSOP Library | BSOP Library | Chinese Books (General Circulation) | 07/04/2015 | C-14326 | CH PN129.C5 F95 2011 c.2 | 00046730 | 07/04/2015 | 07/04/2015 | Books | c.2 |
